<?xml version="1.0" encoding="UTF-8"?>
<collection xmlns="http://www.loc.gov/MARC21/slim">
 <record>
  <leader>06227nam a2200325 a 4500</leader>
  <controlfield tag="001">kal5295</controlfield>
  <controlfield tag="003">Gr-AtHEAL</controlfield>
  <controlfield tag="005">20160422103734.0</controlfield>
  <controlfield tag="006">m        d        </controlfield>
  <controlfield tag="008">160413s2015    gr      s           gre|c</controlfield>
  <datafield tag="020" ind1=" " ind2=" ">
   <subfield code="a">9789606030086</subfield>
  </datafield>
  <datafield tag="040" ind1=" " ind2=" ">
   <subfield code="a">GR-AtHEAL</subfield>
   <subfield code="b">gre</subfield>
   <subfield code="c">GR-AtHEAL</subfield>
  </datafield>
  <datafield tag="082" ind1="0" ind2="4">
   <subfield code="a">647.94</subfield>
   <subfield code="2">23</subfield>
  </datafield>
  <datafield tag="100" ind1="1" ind2=" ">
   <subfield code="a">Λαλούμης, Δημήτριος.</subfield>
   <subfield code="8">1425</subfield>
  </datafield>
  <datafield tag="245" ind1="1" ind2="0">
   <subfield code="a">Διοίκηση ανθρωπίνου δυναμικού τουριστικών επιχειρήσεων</subfield>
   <subfield code="h">[Ηλεκτρονικός πόρος] </subfield>
   <subfield code="c">Λαλούμης, Δημήτριος ; Κριτικός αναγνώστης,Κασσιανίδης, Παναγιώτης ; Τεχνική επιμέλεια,Τσιώνης, Ηλίας ; Γλωσσική επιμέλεια, Πάντος, Παναγιώτης.</subfield>
  </datafield>
  <datafield tag="260" ind1=" " ind2=" ">
   <subfield code="a">Αθήνα :</subfield>
   <subfield code="b">Σύνδεσμος Ελληνικών Ακαδημαϊκών Βιβλιοθηκών,</subfield>
   <subfield code="c">c2015.</subfield>
  </datafield>
  <datafield tag="490" ind1=" " ind2=" ">
   <subfield code="a">Ακαδημαϊκά Ηλεκτρονικά Συγγράμματα και Βοηθήματα Κάλλιπος</subfield>
   <subfield code="8">40</subfield>
  </datafield>
  <datafield tag="505" ind1=" " ind2=" ">
   <subfield code="a">1. Διοίκηση προσωπικού Τουριστικών επιχειρήσεων 2. Ιδιαιτερότητες των σύγχρονων επιχειρήσεων 3. Βασικές έννοιες σχετικά με τη διοίκηση ανθρώπινου δυναμικού 4. Oργανωσιακές σχέσεις 5. Η παραγωγικότητα της εργασίας 6. Η Υπηρεσία Προσωπικού στις Τουριστικές Επιχειρήσεις 7. Ο προγραμματισμός ανθρώπινου δυναμικού στις τουριστικές επιχειρήσεις 8. Αξιολόγηση έργου προσωπικού τουριστικών επιχειρήσεων 9. Η σημασία της εργασίας στην ποιότητα ζωής 10. Στελέχωση 11. Εκπαίδευση Προσωπικού στις Τουριστικές Επιχειρήσεις 12. Η δυναμική της ιεραρχίας 13. Αξιολόγηση θέσεων εργασίας στον τουριστικό κλάδο</subfield>
  </datafield>
  <datafield tag="520" ind1=" " ind2=" ">
   <subfield code="a">Ο Τουρισμός είναι μία δραστηριότητα με σημαντικό οικονομικό ενδιαφέρον, τόσο από πλευράς επιχειρηματικότητας όσο και σε Εθνικό επίπεδο. Σήμερα υπάρχει σημαντικός ανταγωνισμός, τόσο ανάμεσα στις διάφορες ομοειδείς Τουριστικές επιχειρήσεις όσο και μεταξύ διαφόρων Τουριστικών περιοχών.Με βάση το σκεπτικό ότι το σημαντικότερο κεφάλαιο της κάθε Τουριστικής Επιχείρησης είναι οι εργαζόμενοι σ΄ αυτήν, η επιστημονική «Διοίκηση του Προσωπικού των Τουριστικών Επιχειρήσεων», είναι το πλέον σημαντικό στοιχείο για την επιβίωσή τους μέσα σε μία αγορά που συνεχώς μεταβάλλεται.Η Διοίκηση είναι ένα πρόσφατα επιστημονικοποιημένο θέμα, που έχει ηλικία μόλις ενός αιώνα. Η σημασία της Διοίκησης του Προσωπικού είναι τεράστια, διότι έχει απεριόριστες πολιτικές προεκτάσεις, εμπεριέχει περιβαλλοντικά θέματα, είναι υπεύθυνη για τα οικονομικά αποτελέσματα και την μακροβιότητα των επιχειρήσεων και ασχολείται με θέματα που αφορούν την αμοιβή των εργαζομένων και κατά συνέπεια την ανθρώπινη ευημερία. Πέρα από την ιστορική προσέγγιση του θέματος και την ανάλυση των βασικών εννοιών που αφορούν στη Διοίκηση, γίνεται προσπάθεια να εντοπισθούν οι ιδιαιτερότητες που παρουσιάζουν οι Τουριστικές Επιχειρήσεις και εξετάζεται ο ρόλος που μπορεί να παίξουν οι ιδιαιτερότητες αυτές στο κατά περίπτωση Διοικητικό έργο.Το παρόν αποβλέπει στο να εξυπηρετήσει τη σπουδή της Διαχείρισης Ανθρωπίνων Πόρων των Τουριστικών Επιχειρήσεων με βάση τις σύγχρονες αντιλήψεις, ώστε να συμβάλλει στην πρόοδο και οικονομική ανάπτυξη της επιχείρησης και να βοηθήσει στην καλύτερη εξυπηρέτηση του διαρκώς αυξανομένου ταξιδιωτικού κοινού και των πολλαπλών τουριστικών απαιτήσεων.</subfield>
  </datafield>
  <datafield tag="650" ind1=" " ind2=" ">
   <subfield code="a">Hospitality industry</subfield>
   <subfield code="x">Personnel management.</subfield>
   <subfield code="8">2247</subfield>
  </datafield>
  <datafield tag="653" ind1=" " ind2=" ">
   <subfield code="a">Τουριστική επιχείρηση</subfield>
  </datafield>
  <datafield tag="653" ind1=" " ind2=" ">
   <subfield code="a">Ανάπτυξη ανθρωπίνων πόρων</subfield>
  </datafield>
  <datafield tag="653" ind1=" " ind2=" ">
   <subfield code="a">Διοίκηση επιχειρήσεων</subfield>
  </datafield>
  <datafield tag="653" ind1=" " ind2=" ">
   <subfield code="a">Οικονομικές επιστήμες</subfield>
   <subfield code="a">Διοίκηση επιχειρήσεων και οικονομικά των επιχειρήσεων, μάρκετινγκ, λογιστική</subfield>
   <subfield code="a">Οικονομικά του προσωπικού</subfield>
  </datafield>
  <datafield tag="700" ind1="1" ind2=" ">
   <subfield code="a">Κασσιανίδης, Παναγιώτης</subfield>
   <subfield code="e">Κριτικός αναγνώστης</subfield>
   <subfield code="8">1426</subfield>
  </datafield>
  <datafield tag="856" ind1="4" ind2="0">
   <subfield code="u">http://hdl.handle.net/11419/5295</subfield>
   <subfield code="z">Πλήρες Κείμενο - Full text</subfield>
  </datafield>
  <datafield tag="907" ind1=" " ind2=" ">
   <subfield code="a">.b25681448</subfield>
   <subfield code="b">12-06-18</subfield>
   <subfield code="c">29-07-16</subfield>
  </datafield>
  <datafield tag="949" ind1=" " ind2=" ">
   <subfield code="0">0</subfield>
   <subfield code="1">0</subfield>
   <subfield code="2">ddc</subfield>
   <subfield code="4">0</subfield>
   <subfield code="6">647_940000000000000_ΛΑΛ</subfield>
   <subfield code="7">0</subfield>
   <subfield code="8">KALL</subfield>
   <subfield code="8">903</subfield>
   <subfield code="d">2016-04-13</subfield>
   <subfield code="r">2016-04-13</subfield>
   <subfield code="w">2016-04-13</subfield>
   <subfield code="z">647.94 ΛΑΛ</subfield>
   <subfield code="o">SEAB KALLIPOS</subfield>
  </datafield>
  <datafield tag="998" ind1=" " ind2=" ">
   <subfield code="a">80</subfield>
   <subfield code="a">01</subfield>
   <subfield code="a">02</subfield>
   <subfield code="a">03</subfield>
   <subfield code="a">04</subfield>
   <subfield code="a">05</subfield>
   <subfield code="a">06</subfield>
   <subfield code="a">07</subfield>
   <subfield code="a">08</subfield>
   <subfield code="a">09</subfield>
   <subfield code="a">10</subfield>
   <subfield code="a">11</subfield>
   <subfield code="a">12</subfield>
   <subfield code="a">13</subfield>
   <subfield code="a">14</subfield>
   <subfield code="a">15</subfield>
   <subfield code="a">16</subfield>
   <subfield code="a">17</subfield>
   <subfield code="a">18</subfield>
   <subfield code="a">19</subfield>
   <subfield code="a">20</subfield>
   <subfield code="a">21</subfield>
   <subfield code="a">22</subfield>
   <subfield code="a">23</subfield>
   <subfield code="a">24</subfield>
   <subfield code="a">25</subfield>
   <subfield code="a">26</subfield>
   <subfield code="b">29-05-17</subfield>
   <subfield code="c">m</subfield>
   <subfield code="d">z  </subfield>
   <subfield code="e">-</subfield>
   <subfield code="f">gre</subfield>
   <subfield code="g">gr </subfield>
   <subfield code="h">0</subfield>
  </datafield>
  <datafield tag="942" ind1=" " ind2=" ">
   <subfield code="2">ddc</subfield>
   <subfield code="c">KALLIPOS</subfield>
  </datafield>
 </record>
</collection>
